| 000 | 00637nam a2200241Ia 4500 | ||
|---|---|---|---|
| 003 | 0100 | ||
| 008 | 130303s9999 xx 000 0 und d | ||
| 040 | _cARRUPELIB | ||
| 050 | _aBL2480.B225R567 | ||
| 100 | _aRigby, Peter | ||
| 245 | _aProphets, diviners and prophetism | ||
| 245 | _bthe recent history of Kiganda religion | ||
| 260 | _aAlbuquerque | ||
| 260 | _bThe University of New Mexico | ||
| 260 | _C1975 | ||
| 300 | _a148p. | ||
| 300 | _b 23 cm | ||
| 440 | _aJournal of anthropology research; v.31, no.2 | ||
| 650 | _bApologetics | ||
| 650 | _cApologetics-20th century | ||
| 650 | _dMissions | ||
| 942 |
_2lcc _01 |
||
| 999 |
_c63099 _d63099 |
||